| 000 | 01398nam a22003977a 4500 | ||
|---|---|---|---|
| 001 | 1634893 | ||
| 003 | OSt | ||
| 005 | 20210420051058.0 | ||
| 008 | 960524s1997 nyuab b 001 0 eng | ||
| 010 | _a 96023844 | ||
| 020 | _a0393968804 (pbk. : v. 1) | ||
| 020 | _a0393968812 (pbk. : v. 2) | ||
| 040 |
_aDLC _cDLC _dDLC |
||
| 041 | _aeng | ||
| 050 | 0 | 0 |
_aCB69 _b.W67 1997 |
| 080 |
_a008 _bW-83 |
||
| 082 | 0 | 0 |
_a909 _220 |
| 100 |
_9287 _aRalph, Lee Philip |
||
| 245 | 0 | 0 | _aWorld civilizations, their history and their culture. Volume 1 |
| 250 |
_a9th ed. / _bPhilip Lee Ralph ... [et al.]. |
||
| 260 |
_aNew York : _bW.W. Norton, _cc1997. |
||
| 300 |
_a818 p. Credits 6p. Index 33p. _bill. (some col.), col. maps ; _c24 cm. |
||
| 504 | _aIncludes bibliographical references and indexes. | ||
| 650 | 0 |
_aCivilization _xHistory. |
|
| 653 | _aცივილიზაციების ისტორია | ||
| 653 | _aისტორია | ||
| 700 | 1 |
_aRalph, Philip Lee, _d1905- |
|
| 700 |
_aLerner, E. Robert _9288 |
||
| 700 |
_aMeacham, Standish _9289 |
||
| 700 |
_aWood, T. Alan _9290 |
||
| 700 |
_aHull, W. Richard _9291 |
||
| 700 |
_aBurns, McNall Edward _9292 |
||
| 906 |
_a7 _bcbc _corignew _d1 _eocip _f19 _gy-gencatlg |
||
| 942 |
_2udc _cBK _e9 |
||
| 999 |
_c417 _d417 |
||